书目信息 |
| 题名: |
轻松快捷学法语
|
|
| 作者: | 利特 编著 ;肖君 编译 | |
| 分册: | 词汇手册 | |
| 出版信息: | 北京 北京语言大学出版社 2006 |
|
| 页数: | 36页 | |
| 开本: | 15×26cm | |
| 丛书名: | 轻松快捷学外语系列 | |
| 单 册: | ||
| 中图分类: | H32 | |
| 科图分类: | ||
| 主题词: | 法语 , 法语--自学参考资料 | |
| 电子资源: | ||
| ISBN: | 7-5619-1564-0 | |
| 000 | 01010oam2 2200289 450 | |
| 001 | 003238752 | |
| 005 | 20070807170449.42 | |
| 010 | @a7-5619-1564-0@dCNY45.00(含分册) | |
| 100 | @a20060104d2006 em y0chiy0110 ea | |
| 101 | 0 | @achi@afre |
| 102 | @aCN@b110000 | |
| 105 | @aa z 000yy | |
| 200 | 1 | @a轻松快捷学法语@9qing song kuai jie xue fa yu@fElisabeth Bourquin Leete编著@i词汇手册@g肖君编译 |
| 210 | @a北京@c北京语言大学出版社@d2006 | |
| 215 | @a36页@c图@d15×26cm | |
| 225 | 2 | @a轻松快捷学外语系列 |
| 305 | @a从世界著名语言教育类出版公司Barron's引进 | |
| 330 | @a本书内容为“结识他人”、“到达”、“观光”、“娱乐”、“点菜”、“阶段考查”、“在商店”、“重要的服务”等九部分。 | |
| 461 | 0 | @12001 @a轻松快捷学外语系列 |
| 517 | 1 | @a词汇手册@Aci hui shou ce |
| 606 | 0 | @a法语 |
| 606 | 0 | @a法语@j自学参考资料 |
| 690 | @aH32@v4 | |
| 701 | 0 | @c( )@a利特@9li te@c(Leete, Elisabeth Bourquin)@4编著 |
| 702 | 0 | @a肖君@9xiao jun@4编译 |
| 801 | 0 | @aCN@bNLC@c20070807 |
| 905 | @a10447@dH32@e105 | |
| 轻松快捷学法语/Elisabeth Bourquin Leete编著.词汇手册/肖君编译.-北京:北京语言大学出版社,2006 |
| 36页:图;15×26cm.-(轻松快捷学外语系列) |
| ISBN 7-5619-1564-0:CNY45.00(含分册) |
| 本书内容为“结识他人”、“到达”、“观光”、“娱乐”、“点菜”、“阶段考查”、“在商店”、“重要的服务”等九部分。 |
| ● |
| 相关链接 |
|
|
|
|
正题名:轻松快捷学法语
索取号:H32/105
 
预约/预借
| 序号 | 登录号 | 条形码 | 馆藏地/架位号 | 状态 | 备注 |
| 1 | 0810053 | 208100534 | 第二样本阅览室/ [索取号:H32/105] | 在馆 | |
| 2 | 0810054 | 208100543 | 第四借阅区/ [索取号:H32/105] | 在馆 | |
| 3 | 0810055 | 208100552 | 第四借阅区/ [索取号:H32/105] | 在馆 | |
| 4 | 0810056 | 208100561 | 第四借阅区/ [索取号:H32/105] | 在馆 | |
| 5 | 0810057 | 208100570 | 第四借阅区/ [索取号:H32/105] | 在馆 | |
| 6 | 0810058 | 208100589 | 第四借阅区/ [索取号:H32/105] | 在馆 | |
| 7 | 0810059 | 208100598 | 第四借阅区/ [索取号:H32/105] | 在馆 | |
| 8 | 0810060 | 208100605 | 第四借阅区/ [索取号:H32/105] | 在馆 | |
| 9 | 0810061 | 208100614 | 第四借阅区/ [索取号:H32/105] | 在馆 | |
| 10 | 0810062 | 208100623 | 第四借阅区/ [索取号:H32/105] | 在馆 |